000 00265nam a2200121 a 4500
008 100917s1980|||| d
100 1 _aDusík, Stano
245 1 0 _aBoleráz
260 _bSmena
_aBratislava
_c1980
020 _c19
044 _axo
_cSK
041 _aslo
999 _c10456
_d10456